000 005020000a22001930004500
001 001351
003 MACL
005 20150823110607.0
008 150823b xxu||||| |||| 00| 0 eng d
040 _aMACL
_cMACL
041 _aEnglish
082 _a613.704/GAU
100 _aGautam, G
_96874
245 _aRaja Yoga Pranayama
_bBreathing Vital Life Energy
_cG Gautam
260 _aChennai
_c1999
_bAnjan International Media,
350 _a200
650 _aMedical Science
_96875
942 _k614
_cBK
_2ddc
999 _c1346
_d1346